Modern advanced accounting
Saved in:
| Main Author: | |
|---|---|
| Other Authors: | |
| Format: | Book |
| Language: | English |
| Published: |
Auckland, Bogota :
McGraw-Hill,
1985
|
| Edition: | 3rd ed. |
| Subjects: | |
| Tags: |
Add Tag
No Tags, Be the first to tag this record!
|
MARC
| LEADER | 00000nam a2200000 i 4500 | ||
|---|---|---|---|
| 001 | 1/49797 | ||
| 008 | 960403s1985 eng d | ||
| 020 | |a 0-07-040127-6 | ||
| 035 | |l 10026895 | ||
| 040 | |a GR-MY-UA |b gre |e aacr | ||
| 041 | 0 | |a eng | |
| 082 | 0 | |a 657.046 | |
| 100 | 1 | |a Mosich, A. N. | |
| 245 | 1 | 0 | |a Modern advanced accounting / |c A.N.Mosich, E.John Larsen |
| 250 | |a 3rd ed. | ||
| 260 | |a Auckland, Bogota : |b McGraw-Hill, |c 1985 | ||
| 300 | |a 872 σ. | ||
| 504 | |a Περιλαμβάνει βιβλιογραφικές παραπομπές και ευρετήριο | ||
| 650 | 0 | 0 | |a Accounting. |
| 700 | 1 | |a Larsen, E. John. | |
| 852 | |a INST |b CHIOS |e 19960403 |h 657.046 MOS |p 005200004721 |q 005200004721 |t BK |y 0 | ||
| 909 | |a Χ |b 003809 | ||